| 000 | 00806nam a22002057a 4500 | ||
|---|---|---|---|
| 999 |
_c7573 _d7573 |
||
| 003 | AR-CdUCM | ||
| 008 | 190320b ||||| |||| 00| 0 spa d | ||
| 040 |
_aMUNICIPALIDAD PROVINCIAL DEL CUSCO _cBIBLIOTECA MUNICIPAL DEL CUSCO |
||
| 082 |
_a301.16 / _bC14 |
||
| 100 |
_aCáceres Vegas, Bernardo _921389 |
||
| 245 |
_aPerú : _bcomunicación o violencia / |
||
| 260 |
_aLima : _bDESCO, _c1989. |
||
| 300 |
_a65 páginas ; _c20.5 cm. |
||
| 505 | _aContenido: Comunicación y sociedad -- Comunicación, sociedad, cultura -- Extensión de los espacios comunicacionales -- El espacio comunicacional contemporáneo -- La comunicación en el Perú de hoy ... | ||
| 650 |
_aComunicación _94985 |
||
| 650 |
_aAspectos sociales _9262 |
||
| 650 |
_aSiglo XX.-Perú _921390 |
||
| 942 |
_2ddc _cLIBROS |
||
| 945 | _aafb | ||